Drużyny ligi macedońskiej - Statystyki

Ogólne statystyki
  • Ten quiz został rozwiązany 4 razy
  • Średni wynik to 4 z 12
Statystyki odpowiedzi
Klub % Poprawnych
Wardar Skopje
75%
Shkëndija Tetowo
50%
AP Brera Strumica
25%
FK Makedonija Dźorcze Petrow
25%
FK Pelister
25%
FK Rabotniczki Skopje
25%
FK Struga
25%
KF Arsimi
25%
KF Bashkimi
25%
KF Shkupi
25%
Siłeks Kratowo
25%
Tikwesz Kawadarci
25%
Nie znaleziono quizów pasujących do podanych kryteriów
Rozkład punktacji
Procent ludzi z każdym wynikiem
Percentyl według liczby udzielonych odpowiedzi
Twoja historia wyników
Nie rozwiązałeś tego quizu